000 00611nam a2200205Ia 4500
003 OSt
005 20240402092750.0
008 210210b1992 xxu||||| |||| 00| 0 eng d
040 _cAL
041 _aKannada
082 _aK894.1 KAYP
100 _aKAYYARA KINJANNA RAI.
_dಕಯ್ಯಾರ ಕಿಞ್ಞಣ್ಣ ರೈ
_9157678
245 _aPratibha payasvini
_bಪ್ರತಿಭಾ ಪಯಸ್ವಿನಿ
260 _aPeradala
_bKavita Kutira
_c1992
300 _a743
650 _aKayyarara kavana sangrahagalu.
_9157680
690 _aKannada Poetry
_9157679
906 _a047500
942 _2ddc
_cBK
999 _c96420
_d96420